000 02691cam a2200301Ii 4500
001 a26773117
003 SIRSI
005 20260304142717.0
008 180817s2019 xx 000 0 eng d
020 _a1612197752
020 _a9781612197753
035 _a(OCoLC)1048935235
040 _aYDX
_beng
_erda
_cYDX
_dBDX
_dOCLCQ
_dUPM
_dUtOrBLW
041 _aEnglish
050 4 _aKF1262
_b.F37 2019
100 _aFarivar, Cyrus,
_eauthor.
_926788
245 1 0 _aHabeas data
_b: privacy vs. the rise of surveillance tech
_c/ Cyrus Farivar.
250 _a[First Melville House paperback edition].
264 1 _aBrooklyn, NY :
_bMelville House Publishing,
_c2019.
300 _axviii, 284 pages ;
_c21 cm
505 0 _aTelephones : how a fateful call in 1965 from a Los Angeles pay phone still rings out today — How the government cracked an iPhone-without Apple's help — How one mugger's calls helped create the NSA's post-9/11 phone metadata surveillance program — When Big Brother rides in the back seat — Can the police use extrasensory technology to look into your house without a warrant? — Why (amazingly) e-mail providers won't give up messages without a warrant, even though the Supreme Court has never ruled on the issue — Why the eighteenth-century Constitution protects against twenty-first-century satellite-based tracking — How your phone can lead the authorities right to your door — Can police search your phone when you're arrested? — Why privacy needs all of us — Who watches the watchers?
520 _a"Until the 21st century, most of our activities were private by default, public only through effort; today anything that touches digital space has the potential (and likelihood) to remain somewhere online forever. That means all of the technologies that have made our lives easier, faster, better, and/or more efficient have also simultaneously made it easier to keep an eye on our activities. Or, as we recently learned from reports about Cambridge Analytica, our data might be turned into a propaganda machine against us. In 10 crucial legal cases, [this book] explores the tools of surveillance that exist today, how they work, and what the implications are for the future of privacy"--
_cProvided by publisher.
650 0 _aPrivacy, Right of - United States.
_0http://id.loc.gov/authorities/subjects/sh2008108965
_926789
650 0 _aElectronic surveillance - United States.
_0http://id.loc.gov/authorities/subjects/sh2008102512
_926790
650 0 _aGovernment information - Law and legislation United States.
_926791
650 0 _aCivil rights - United States.
_zUnited States.
_0http://id.loc.gov/authorities/subjects/sh85026377
942 _2lcc
999 _c5378
_d5378